Rückkehr des böhmischen Adels
| Titel: | Rückkehr des böhmischen Adels / Vladimír Votýpka |
|---|---|
| Verfasser: | |
| Veröffentlicht: | Wien : Böhlau, 2010 |
| Umfang: | 411 Seiten : Illustrationen |
| Format: | Buch |
| Sprache: | Deutsch |
| Einheitssachtitel: | Návraty české šlechty |
| RVK-Notation: |
·
·
|
| ISBN: | 9783205782902 |
| Hinweise zum Inhalt: |
Inhaltstext
Inhaltsverzeichnis |
alg: 21959800
001A $00004:14-01-10
001B $01999:26-04-24 $t15:49:27.000
001D $00017:06-01-16
001U $0utf8
001X $00
002@ $0Aau
002C $aText $btxt $2rdacontent
002D $aohne Hilfsmittel zu benutzen $bn $2rdamedia
002E $aBand $bnc $2rdacarrier
003@ $0219598002
003O $0601532854 $aOCoLC
004A $A978-3-205-78290-2
004K $09783205782902
006G $0999026348
006H $0TOCIMA1147 $2DNB
006T $010,N02
006U $010,A06 $f20091211
007A $0219598002 $aHEB
007G $0DE0206031D741A4BB905CC12578470043B831
007T $0Herdc0059536m
009P $qtext/html $A2 $3Inhaltstext $uhttp://deposit.dnb.de/cgi-bin/dokserv?id=3399970&prov=M&dok_var=1&dok_ext=htm $mX:MVB
009P $qapplication/pdf $A2 $3Inhaltsverzeichnis $uhttp://scans.hebis.de/HEBCGI/show.pl?21959800_toc.pdf $mV:DE-603;B:DE-Mb50
010@ $ager
011@ $a2010
013D $RBiograf $RLebenslauf $RBiografik $#Biographies $#Biography $#Biographies -- Histoire et critique $#Biographie $#Biographisches Nachschlagewerk $#Lebensbeschreibung $#Berühmte Persönlichkeit Biografie $#Biografisches Nachschlagewerk $74006804-3 $8Biografie [Ts1] $9085010375
021A $aRückkehr des böhmischen Adels $hVladimír Votýpka
022A $aNávraty české šlechty
028A $BVerfasser $4aut $7133112551 $8Votýpka, Vladimír$Z1932- [Tp3] $9188504710
033A $pWien $nBöhlau
034D $a411 Seiten
034M $aIllustrationen
039U $aRezensiert in $8--Aox--Weger, Tobias$Z1968- [Tp3]. Votýpka, Vladimír, 1932-. Rückkehr des böhmischen Adels. - Wien {[u.a.] : Böhlau. - 2010 [Rezension], 2011 $9394930606
039U $aRezensiert in $8--Aox--Bill, Claus Heinrich [Tpz]. Böhmische Wiedereinrichter des Adels 1989 bis 2010, 2010 $9395048982
044K $qDNB $RProtektorat Böhmen und Mähren $RBöhmische Länder $#Čech $#Königreich Böhmen $#České Království $#Království České $#Kronland Böhmen $#Čechy $#Ceské Království $#Království Ceské $74007467-5 $8Böhmen [Tgz] $9085012173
044K $qDNB $ROberschicht $RWeiblicher Adel $RAristokratie $#Nobility $#Noblesse $#Nobiltà $#Nobleza $#Adel $#Adel $#Junker $#Junkertum $#Adliger $#Adeliger $#Adlige $#Uradel $74000464-8 $8Adel [Ts1] $9084991682
045E $c920 $c940
045F $a929.7437 $eDDC22ger
045F/01 $a929.7
045F/03 $g437
045G $a900.94371 $eDDC23BSB
045G/01 $a900
045G/03 $g4371
045H $a909 $eDDC23BSB
045H/01 $a909
045H/03 $g4371
045I $a306.094371 $eDDC23BSB
045I/01 $a306.09
045I/03 $g4371
045J $a305.80094371 $eDDC23BSB
045J/01 $a305.8009
045J/03 $g4371
045R $aGeschichte 1918-2008
045Z $8ND 7480 [Tkv] $9410858552
045Z $8NQ 5990 [Tkv] $9410916498
045Z $8NW 7100 [Tkv] $9410952796
lok: 21959800 8
exp: 21959800 8 1 #EPN
201B/01 $005-05-23 $t18:08:24.000
201C/01 $002-12-15
201U/01 $0utf8
203@/01 $0764097628
208@/01 $a06-01-16 $bz
209A/01 $a/ND 7480 V971 $du $f001 $x00
209G/01 $a19320049 $x00
209G/01 $a3. Obergeschoss $x01
247C/01 $8611001-0 <17/1>Darmstadt, TU Darmstadt, Universitäts- und Landesbibliothek - Schloss $9102595887
lok: 21959800 24
101B $024-02-11 $t10:09:58.000
101C $024-02-11
101U $0utf8
145Z/01 $a23 1 D
145Z/02 $a23 7 V
145Z/03 $a23 13 L
145Z/04 $a23 3 D
145Z/05 $a2 L 919
145Z/06 $a2 S 613
145Z/07 $a23 4 D
exp: 21959800 24 1 #EPN
201B/01 $024-02-11 $t10:15:05.000
201C/01 $002-02-11
201U/01 $0utf8
203@/01 $0605463905
208@/01 $a24-02-11 $bz
209A/01 $a11.00806 $du $f050 $h11 00806 $x00
209C/01 $a11.00806 K $h11 00806 K
209G/01 $a72820878 $x00
220C/01 $ajwa/hae
244Z/01 $#Lobkowicz $7119531402 $8--Tp1--$PLobkowitz$lFamilie $x01 $9087871009
244Z/01 $#Schwartzenberg $#Schwarzenberg $#Schwartzenberg $#Schwarzenbergové $#Švarcenberkové $7118612069 $8--Tp1--$PSchwarzenberg$lFamilie $x02 $9086953028
247C/01 $8358050-7 Marburg, Bibliothek des Herder-Instituts Marburg $9102600961
lok: 21959800 78
exp: 21959800 78 1 #EPN
201B/01 $026-11-17 $t00:25:40.000
201U/01 $0utf8
203@/01 $0791939928
208@/01 $a12-11-16 $be
209A/01 $a/ $f000 $x00
220C/01 $aTitelaufnehmer: rb
220C/01 $aHerkunft: HI Marburg
237A/01 $aweiterführende Signatur(en): HI 11.00806
244Z/01 $#Tschechien $#Tschechische Republik $#Tschechische Republik $#Tschechenland $#Tschechei Tschechien $#Česká Republika $#Czech Republic $#ČR $74303381-7 $8--Tg1--Tschechien $x01 $9086659812
244Z/01 $2Trx $#Böhmen $#Bohemia $#Czechy $8--Trx--Čechy $x02 $9391188941
244Z/01 $aGeschichte 1945-1999 $x03
244Z/01 $2Trx $#aadel Böömimaa $#Čekijos bajorai $#gentry Bohemia $#nemesség Bohémia $#szlachta Czechy $#šľachta Čechy $#šlechta Čechy $8--Trx--Adel$gBöhmen $x04 $9391368141
244Z/01 $2Trx $8--Trx--Monographie $x05 $9391384546
245Z/01 $a09.08 $x01
247C/01 $82080>Marburg/Lahn, Herder-Institut, Forschungsbibliothek, Bibliographieportal $9336309341
lok: 21959800 205
exp: 21959800 205 1 #EPN
201B/01 $026-08-19 $t11:10:34.000
201C/01 $014-01-10
201U/01 $0utf8
203@/01 $0587122528
208@/01 $a09-02-10 $bz
209A/01 $a001 NZN L O-Eu 4634 $db $f000 $x00
209B/01 $a80 $x05
209C/01 $a8n 2010/0043
209G/01 $a55910995 $x00
209G/01 $aFreihandbereich $x01
220B/01 $aaltbik403
247C/01 $8351000-1 <4>Marburg, Universität Marburg, Universitätsbibliothek $9102594767
| LEADER | 00000cam a2200000 c 4500 | ||
|---|---|---|---|
| 001 | 219598002 | ||
| 003 | DE-603 | ||
| 005 | 20240426154927.0 | ||
| 007 | tu | ||
| 008 | 100114s2010 xx |||| | u00||u|ger | ||
| 015 | |a 10,A06 |z 10,N02 |2 dnb | ||
| 016 | 7 | |2 DE-101 |a 999026348 | |
| 020 | |a 9783205782902 | ||
| 024 | 3 | |a 9783205782902 | |
| 035 | |a (DE-599)HEB219598002 | ||
| 035 | |a (OCoLC)601532854 | ||
| 040 | |a DE-603 |b ger |c DE-603 |d DE-603 | ||
| 041 | |a ger | ||
| 082 | 0 | 4 | |8 1\u |a 929.7437 |q DE-101 |2 22/ger |
| 083 | 0 | |8 2\u |a 900.94371 |q DE-101 |2 23/BSB | |
| 083 | 0 | |8 3\u |a 909 |q DE-101 |2 23/BSB | |
| 083 | 0 | |8 4\u |a 306.094371 |q DE-101 |2 23/BSB | |
| 083 | 0 | |8 5\u |a 305.80094371 |q DE-101 |2 23/BSB | |
| 084 | |a 920 |a 940 |q DE-101 |2 sdnb | ||
| 084 | |a ND 7480 |0 (DE-625)125132: |0 (DE-603)410858552 |2 rvk | ||
| 084 | |a NQ 5990 |0 (DE-625)128678: |0 (DE-603)410916498 |2 rvk | ||
| 084 | |a NW 7100 |0 (DE-625)132292: |0 (DE-603)410952796 |2 rvk | ||
| 085 | |8 1\u |b 929.7 | ||
| 085 | |8 1\u |z 2 |s 437 | ||
| 085 | |8 2\u |b 900 | ||
| 085 | |8 2\u |z 2 |s 4371 | ||
| 085 | |8 3\u |b 909 | ||
| 085 | |8 3\u |z 2 |s 4371 | ||
| 085 | |8 4\u |b 306.09 | ||
| 085 | |8 4\u |z 2 |s 4371 | ||
| 085 | |8 5\u |b 305.8009 | ||
| 085 | |8 5\u |z 2 |s 4371 | ||
| 100 | 1 | |a Votýpka, Vladimír |d 1932- |e Verfasser |4 aut |0 (DE-603)188504710 |0 (DE-588)133112551 |2 gnd | |
| 240 | 1 | 0 | |a Návraty české šlechty |
| 245 | 0 | 0 | |a Rückkehr des böhmischen Adels |c Vladimír Votýpka |
| 264 | 1 | |a Wien |b Böhlau |c 2010 | |
| 300 | |a 411 Seiten |b Illustrationen | ||
| 336 | |a Text |b txt |2 rdacontent | ||
| 337 | |a ohne Hilfsmittel zu benutzen |b n |2 rdamedia | ||
| 338 | |a Band |b nc |2 rdacarrier | ||
| 648 | 7 | |a Geschichte 1918-2008 |2 gnd | |
| 650 | 7 | |a Adel |0 (DE-588)4000464-8 |0 (DE-603)084991682 |2 gnd | |
| 651 | 7 | |a Böhmen |0 (DE-588)4007467-5 |0 (DE-603)085012173 |2 gnd | |
| 655 | 7 | |a Biografie |2 gnd-content |0 (DE-588)4006804-3 |0 (DE-603)085010375 | |
| 787 | 0 | 8 | |i Rezensiert in |a Weger, Tobias, 1968- |t Votýpka, Vladimír, 1932-. Rückkehr des böhmischen Adels. - Wien [u.a.] : Böhlau. - 2010 [Rezension] |w (DE-603)394930606 |
| 787 | 0 | 8 | |i Rezensiert in |a Bill, Claus Heinrich |t Böhmische Wiedereinrichter des Adels 1989 bis 2010 |w (DE-603)395048982 |
| 856 | 4 | 2 | |m X:MVB |q text/html |u http://deposit.dnb.de/cgi-bin/dokserv?id=3399970&prov=M&dok_var=1&dok_ext=htm |3 Inhaltstext |
| 856 | 4 | 2 | |m V:DE-603;B:DE-Mb50 |q application/pdf |u http://scans.hebis.de/HEBCGI/show.pl?21959800_toc.pdf |3 Inhaltsverzeichnis |
| 924 | 0 | |9 17/1 |a (DE-603)764097628 |b DE-17-1 |c HES |d b |g /ND 7480 V971 |h 3. Obergeschoss | |
| 924 | 0 | |9 Mb 50 |a (DE-603)605463905 |b DE-Mb50 |c HES |d c |g 11.00806 | |
| 924 | 0 | |9 2080 |a (DE-603)791939928 |b DE-2080 |c HES |d d |g / | |
| 924 | 0 | |9 4 |a (DE-603)587122528 |b DE-4 |c HES |d c |g 001 NZN L O-Eu 4634 |h Freihandbereich | |


